[Event "Corr"]
[Site "?"]
[Date "2003.09.01"]
[Round "?"]
[White "Gerhards Guntis (LAT)"]
[Black "Bocanegra Moreno Rufino (ESP)"]
[Result "1/2-1/2"]
[WhiteElo "2378"]
[BlackElo "2308"]
[PlyCount "44"]
[EventDate "2003.??.??"]
[Source "www.chesslib.no"]
[SourceDate "2004.05.04"]

1. d4 f5 2. c4 Nf6 3. g3 g6 4. Bg2 Bg7 5. Nc3 O-O 6. Nh3 d6 7. Bg5 Nc6 8. d5 Ne5 9. Qb3 Nfd7 10. Be3 Ng4 11. Bf4 Nc5 12. Qc2 h6 13. O-O e5 14. Bd2 e4 15. Rad1 e3 16. fxe3 Qe7 17. e4 Bd4+ 18. Kh1 Bxc3 19. Qxc3 Nxe4 20. Bxe4 Qxe4+ 21. Kg1 Qxe2 22. Nf2 Nxf2 1/2-1/2

[Event "EU Ch U18"]
[Site "Zagan POL"]
[Date "1995.??.??"]
[Round "3"]
[White "Stojanovic, Mihajlo"]
[Black "Gelashvili, Tamaz"]
[Result "1-0"]
[WhiteElo "2355"]
[BlackElo "2325"]
[PlyCount "105"]
[EventDate "1995.??.??"]
[Source "www.chesslib.no"]
[SourceDate "2004.05.04"]

1. d4 f5 2. c4 Nf6 3. g3 g6 4. Bg2 Bg7 5. Nh3 O-O 6. O-O d6 7. d5 Nbd7 8. Nc3 Ne5 9. b3 Bd7 10. Bb2 h6 11. Qd2 a6 12. c5 dxc5 13. Qe3 Nf7 14. Qxc5 g5 15. f4 g4 16. Nf2 Rc8 17. Rad1 Nd6 18. Qe3 c5 19. dxc6 Bxc6 20. Qe6+ Kh7 21. Bxc6 Rxc6 22. Nd5 Nxd5 23. Bxg7 Kxg7 24. Rxd5 Qc7 25. Rfd1 Rf7 26. Qe5+ Kh7 27. R1d2 Rc1+ 28. Kg2 Qc6 29. Qe6 Rb1 30. Nd3 Qb6 31. Nc5 Kg7 32. Rxd6 exd6 33. Rxd6 Rg1+ 34. Kxg1 Qxc5+ 35. Kg2 Kf8 36. Qxh6+ Ke7 37. Qe6+ Kf8 38. Qh6+ Ke7 39. Qe6+ Kf8 40. Rd5 Qe7 41. Qxe7+ Kxe7 42. h3 gxh3+ 43. Kxh3 Rh7+ 44. Kg2 Ke6 45. e4 fxe4 46. Re5+ Kf6 47. Rxe4 Rd7 48. Kf3 Rd2 49. Re2 Rd3+ 50. Kg4 Rd1 51. Rh2 Ra1 52. Rh6+ Kg7 53. Rb6 1-0

[Event "Tage Sorensen-mem"]
[Site "Holbak"]
[Date "2001.06.25"]
[Round "3"]
[White "Izsak, Gyula"]
[Black "Strange, Mikkel"]
[Result "1-0"]
[WhiteElo "2452"]
[BlackElo "2228"]
[PlyCount "67"]
[EventDate "2001.06.23"]
[Source "www.chesslib.no"]
[SourceDate "2004.05.04"]

1. d4 f5 2. c4 Nf6 3. g3 g6 4. Bg2 Bg7 5. Nc3 d6 6. d5 O-O 7. Nf3 Nbd7 8. O-O Ne5 9. Nxe5 dxe5 10. Qc2 h6 11. e4 f4 12. gxf4 Nh5 13. fxe5 Bxe5 14. Bxh6 Rf7 15. Ne2 Qd6 16. f4 Qb6+ 17. Kh1 Qxb2 18. Rac1 Bd4 19. Nxd4 Qxd4 20. Qc3 Qc5 21. f5 Rh7 22. Qd2 gxf5 23. Qg5+ Ng7 24. exf5 Bd7 25. f6 exf6 26. Rxf6 Re8 27. Rcf1 Qxc4 28. Qg6 Rxh6 29. Qxh6 Bf5 30. Qg5 Be4 31. R6f4 a5 32. Bxe4 Rxe4 33. Rf8+ Kh7 34. R8f7 1-0

[Event "Budapest IM"]
[Site "Budapest"]
[Date "1992.??.??"]
[Round "7"]
[White "Szalanczy, Emil"]
[Black "Hansen, Soren Bech"]
[Result "1-0"]
[WhiteElo "2420"]
[BlackElo "2245"]
[PlyCount "73"]
[EventDate "1992.??.??"]
[Source "www.chesslib.no"]
[SourceDate "2004.05.04"]

1. d4 f5 2. c4 Nf6 3. g3 g6 4. Bg2 Bg7 5. Nc3 d6 6. h4 c6 7. h5 Nxh5 8. Rxh5 gxh5 9. e3 O-O 10. Qxh5 Nd7 11. Bd2 Qe8 12. Qe2 e5 13. d5 Nf6 14. Nh3 Bd7 15. O-O-O Rc8 16. Kb1 Qe7 17. Rh1 a6 18. Ng5 h6 19. Nf3 Qf7 20. Nh4 cxd5 21. Nxd5 Nxd5 22. Bxd5 Be6 23. e4 Bxd5 24. cxd5 fxe4 25. Be3 h5 26. a3 Qxd5 27. Qxh5 Rxf2 28. Bxf2 e3 29. Nf5 Qd3+ 30. Ka1 exf2 31. Qh7+ Kf7 32. Nh6+ Ke7 33. Qxg7+ Ke8 34. Qf7+ Kd8 35. Ng4 f1=Q+ 36. Rxf1 Qxg3 37. Rh1 1-0

[Event "St Cugat Open"]
[Site "St Cugat"]
[Date "1995.??.??"]
[Round "4"]
[White "Granados Gomez, Manuel"]
[Black "Tejero Garces, Jorge"]
[Result "1-0"]
[WhiteElo "2400"]
[BlackElo "2260"]
[PlyCount "87"]
[EventDate "1995.??.??"]
[Source "www.chesslib.no"]
[SourceDate "2004.05.04"]

1. d4 f5 2. c4 Nf6 3. g3 g6 4. Bg2 Bg7 5. Nc3 O-O 6. Nh3 Nc6 7. Rb1 d6 8. d5 Ne5 9. b3 a6 10. O-O Rb8 11. a4 c5 12. Bb2 b6 13. Qd2 Ne8 14. f4 Ng4 15. Nf2 Bd4 16. Ncd1 Bxb2 17. Rxb2 Nh6 18. Nc3 Nf6 19. Rfb1 Qc7 20. e3 Bd7 21. Qd3 Rfc8 22. Bf1 Nf7 23. h3 Rd8 24. Kh2 Re8 25. Bg2 Red8 26. e4 Nh6 27. Qe2 Nxe4 28. Nfxe4 fxe4 29. g4 Rf8 30. Rf1 b5 31. axb5 axb5 32. cxb5 Bxb5 33. Nxb5 Qa5 34. Qxe4 Qc3 35. Rbf2 Rf7 36. Qc4 Qa5 37. f5 Qxb5 38. fxg6 hxg6 39. Qe4 Kg7 40. Rxf7+ Nxf7 41. Qxe7 Qe8 42. Qf6+ Kf8 43. Qxd6+ Kg7 44. Qf6+ 1-0

[Event "New York Open"]
[Site "New York, NY USA"]
[Date "1991.??.??"]
[Round "4"]
[White "Bisguier, Arthur B"]
[Black "Geisler, Fabian"]
[Result "1-0"]
[WhiteElo "2365"]
[BlackElo "2290"]
[PlyCount "75"]
[EventDate "1991.03.??"]
[Source "www.chesslib.no"]
[SourceDate "2004.05.04"]

1. d4 f5 2. c4 Nf6 3. g3 g6 4. Bg2 Bg7 5. b3 O-O 6. Bb2 d6 7. Nh3 Qe8 8. d5 Na6 9. Na3 c6 10. O-O Bd7 11. Nc2 Nc7 12. a4 h6 13. f4 cxd5 14. cxd5 Qf7 15. Ne3 Ng4 16. Bxg7 Nxe3 17. Qd4 Nc2 18. Qc3 Qxg7 19. Qxc2 Qd4+ 20. e3 Qxe3+ 21. Nf2 Qc5 22. Qe2 Nxd5 23. b4 Nxb4 24. Rac1 Qb6 25. a5 Qb5 26. Qxe7 Rae8 27. Qxd6 Re6 28. Qd4 b6 29. Rc7 Rf7 30. Rd1 Ree7 31. Bf1 Qxa5 32. Bc4 Be6 33. Qd8+ Kg7 34. Rxe7 Bxc4 35. Qd4+ Kf8 36. Rxf7+ Bxf7 37. Qh8+ Ke7 38. Qd8+ 1-0

[Event "Zone"]
[Site "?"]
[Date "2001.??.??"]
[Round "?"]
[White "Mohammad, S."]
[Black "Mahjoob, M."]
[Result "0-1"]
[WhiteElo "2315"]
[BlackElo "2335"]
[PlyCount "166"]
[EventDate "2001.??.??"]
[Source "www.chesslib.no"]
[SourceDate "2004.05.04"]

1. d4 f5 2. c4 Nf6 3. g3 g6 4. Bg2 Bg7 5. Nh3 d6 6. Nc3 O-O 7. d5 Na6 8. O-O Nc5 9. Nf4 e5 10. dxe6 c6 11. Qc2 Nxe6 12. Rd1 Ng4 13. e3 g5 14. Nxe6 Bxe6 15. h3 Ne5 16. b3 Qe7 17. f4 Ng6 18. Bb2 h5 19. Qf2 Rad8 20. Rd2 h4 21. Rad1 Kh7 22. Kh1 Rg8 23. Ne2 hxg3 24. Qxg3 Bxb2 25. Rxb2 Nh4 26. fxg5 Nxg2 27. Qxg2 Rxg5 28. Qf3 Rdg8 29. Nf4 Bf7 30. Re1 Rg3 31. Qf2 d5 32. Kh2 dxc4 33. bxc4 Bxc4 34. Rd2 R8g7 35. Rd4 Bf7 36. a4 c5 37. Rdd1 b6 38. Rd2 Be8 39. Rd5 Bc6 40. Rxf5 Qe4 41. Rf7 Rxf7 42. Qxg3 Rg7 43. Qh4+ Kg8 44. Qd8+ Qe8 45. Qxe8+ Bxe8 46. a5 Rd7 47. e4 Bf7 48. e5 Rd4 49. Kg3 b5 50. e6 Be8 51. Re5 Rc4 52. Rf5 b4 53. e7 Bf7 54. Rg5+ Kh8 55. Re5 Be8 56. Rf5 Rc3+ 57. Kh4 Ba4 58. Rf8+ Kg7 59. Ne6+ Kg6 60. Nf4+ Kh6 61. e8=Q Bxe8 62. Rxe8 b3 63. Re6+ Kg7 64. Re7+ Kh6 65. Rxa7 Rc4 66. Ra6+ Kh7 67. Kg5 b2 68. Nd5 b1=Q 69. Nf6+ Kg7 70. Ra7+ Kf8 71. Nd7+ Ke8 72. Nf6+ Kd8 73. a6 Qg1+ 74. Kf5 Qf1+ 75. Ke5 Qf4+ 76. Ke6 Qe3+ 77. Kd6 Rd4+ 78. Nd5 Ke8 79. Rc7 Qg3+ 80. Kc6 Qg2 81. Re7+ Kf8 82. Rd7 Ra4 83. a7 Qa2 0-1

[Event "1st It, Odivelas POR"]
[Site "?"]
[Date "2000.??.??"]
[Round "9"]
[White "Fernandes, An"]
[Black "Pinho, P."]
[Result "1/2-1/2"]
[WhiteElo "2435"]
[BlackElo "2210"]
[PlyCount "137"]
[EventDate "2000.??.??"]
[Source "www.chesslib.no"]
[SourceDate "2004.05.04"]

1. d4 f5 2. c4 Nf6 3. g3 g6 4. Bg2 Bg7 5. Nc3 O-O 6. Nh3 d6 7. d5 Na6 8. Nb5 Nc5 9. Nd4 Ng4 10. b4 e5 11. dxe6 Nxe6 12. Bd5 Qf6 13. Bb2 c6 14. Bxe6+ Bxe6 15. Nxe6 Qxb2 16. Rb1 Qc3+ 17. Kf1 Rfe8 18. Nc7 Qxc4 19. Qb3 Qxb3 20. Rxb3 Rac8 21. Nxe8 Rxe8 22. e3 b6 23. Kg2 c5 24. Rc1 Kf7 25. Rd3 Bf8 26. a3 Ne5 27. Rdd1 Rc8 28. Nf4 g5 29. Nd3 Ng4 30. Nb2 Bg7 31. Nc4 Bf8 32. Nxd6+ Bxd6 33. Rxd6 c4 34. b5 Ne5 35. Rh6 c3 36. Rxh7+ Kg6 37. Rxa7 c2 38. Ra6 Nd3 39. Rxc2 Rxc2 40. Rxb6+ Kh5 41. h3 Rxf2+ 42. Kg1 Ra2 43. Ra6 Ne5 44. a4 Nf3+ 45. Kf1 g4 46. hxg4+ Kxg4 47. Rg6+ Kh3 48. b6 Rxa4 49. Ke2 Ne5 50. Rg5 Ra2+ 51. Kd1 Nc4 52. Rxf5 Nxb6 53. Rg5 Na4 54. Kc1 Nc3 55. Rc5 Ne4 56. Rc4 Nxg3 57. Rc2 Ra3 58. Kd2 Kg2 59. Rb2 Kf3 60. Kc2 Ne4 61. Rb8 Ke2 62. Rh8 Rc3+ 63. Kb2 Rc4 64. Kb3 Nd2+ 65. Kb2 Kd3 66. Rd8+ Kxe3 67. Re8+ Kd3 68. Rd8+ Ke2 69. Re8+ 1/2-1/2

[Event "LXVII ch-CRC"]
[Site "?"]
[Date "2003.06.20"]
[Round "7"]
[White "Charpentier William"]
[Black "Gonzalez Bernal"]
[Result "0-1"]
[WhiteElo "2210"]
[BlackElo "2420"]
[PlyCount "77"]
[EventDate "2003.??.??"]
[Source "www.chesslib.no"]
[SourceDate "2004.05.04"]

1. d4 f5 2. c4 Nf6 3. g3 g6 4. Bg2 Bg7 5. Nc3 O-O 6. Bg5 Nc6 7. Bxf6 Bxf6 8. e3 d6 9. Qb3 e5 10. d5 Nb8 11. c5 Na6 12. Na4 Nxc5 13. Nxc5 dxc5 14. Ne2 Qd6 15. Nc3 a6 16. a4 b6 17. Rd1 Bd7 18. h4 e4 19. Ne2 b5 20. a5 c4 21. Qa2 Qb4+ 22. Rd2 Rad8 23. Kd1 Be6 24. Nf4 Bf7 25. Ke2 Rd6 26. Rhd1 Rfd8 27. f3 exf3+ 28. Bxf3 Qc5 29. Qa3 b4 30. Qa4 Be8 31. Qa1 c3 32. bxc3 bxc3 33. Ne6 Qc4+ 34. Kf2 f4 35. Rd4 fxe3+ 36. Kg2 Bxd4 37. Rxd4 Qb3 38. Nxd8 Rxd8 39. Rd3 0-1

[Event "AUT Ch"]
[Site "Wolfsberg"]
[Date "1985.??.??"]
[Round "10"]
[White "Kwatschewsky, Leo"]
[Black "Poecksteiner, Johann"]
[Result "1/2-1/2"]
[WhiteElo "2325"]
[BlackElo "2300"]
[PlyCount "65"]
[EventDate "1985.??.??"]
[Source "www.chesslib.no"]
[SourceDate "2004.05.04"]

1. d4 f5 2. c4 Nf6 3. g3 g6 4. Bg2 Bg7 5. Nc3 d6 6. d5 O-O 7. Nh3 c6 8. O-O e5 9. dxe6 Bxe6 10. b3 Na6 11. Ba3 Ne8 12. Bb2 Qe7 13. Rc1 Rd8 14. Rc2 Rd7 15. Rd2 Nf6 16. Ng5 Rfd8 17. e3 Kh8 18. Nxe6 Qxe6 19. Ne2 Qe7 20. Qb1 Nc5 21. Nc3 Kg8 22. b4 Nce4 23. Nxe4 Nxe4 24. Rd3 d5 25. Bxg7 Kxg7 26. c5 a5 27. a3 axb4 28. axb4 Ra8 29. Qb2+ Qf6 30. Rd4 Ng5 31. Rb1 Ne6 32. Rd2 Qxb2 33. Rdxb2 1/2-1/2

[Event "Dortmund op-A"]
[Site "?"]
[Date "2003.08.08"]
[Round "7"]
[White "Kersten Uwe"]
[Black "Schippan Bernd"]
[Result "1-0"]
[WhiteElo "2339"]
[BlackElo "2282"]
[PlyCount "105"]
[EventDate "2003.??.??"]
[Source "www.chesslib.no"]
[SourceDate "2004.05.04"]

1. d4 f5 2. c4 Nf6 3. g3 g6 4. Bg2 Bg7 5. Nc3 d6 6. d5 O-O 7. Nh3 c6 8. Nf4 e5 9. dxe6 Qe7 10. O-O Na6 11. Rb1 Bxe6 12. Nxe6 Qxe6 13. b3 Nc5 14. Bb2 a5 15. Qc2 Nce4 16. Nxe4 Nxe4 17. Bxg7 Kxg7 18. Rbd1 Qe5 19. e3 Rfe8 20. Rd4 Nf6 21. Rfd1 Re6 22. Qd2 Ne8 23. a3 Kf8 24. h4 Rd8 25. Rf4 Kg7 26. e4 fxe4 27. Rxe4 Qf6 28. Rxe6 Qxe6 29. Re1 Qf7 30. Qxa5 Rd7 31. Qc3+ Nf6 32. Re3 d5 33. cxd5 cxd5 34. Qd4 Rd6 35. a4 Rc6 36. Rc3 Qe7 37. Re3 Qd6 38. Bh3 Qc7 39. Re6 Rxe6 40. Bxe6 Qd6 41. Bg4 Kf7 42. Bf3 Qc6 43. Kg2 b6 44. b4 Ke6 45. a5 bxa5 46. bxa5 Kd7 47. Be2 Kc8 48. Qa7 Kd8 49. Qb8+ Ke7 50. Bb5 Qc5 51. a6 Ne4 52. Qe8+ Kf6 53. Qc6+ 1-0

[Event "NOR Ch"]
[Site "Randaberg"]
[Date "1989.??.??"]
[Round "?"]
[White "Scholseth, Tor Kristian"]
[Black "Wibe, Terje Paul"]
[Result "1/2-1/2"]
[WhiteElo "2285"]
[BlackElo "2335"]
[PlyCount "50"]
[EventDate "1989.??.??"]
[Source "www.chesslib.no"]
[SourceDate "2004.05.04"]

1. d4 f5 2. c4 Nf6 3. g3 g6 4. Bg2 Bg7 5. Nh3 O-O 6. O-O d6 7. d5 a5 8. Nc3 Na6 9. Be3 Nc5 10. Rc1 h6 11. Nf4 g5 12. Bxc5 dxc5 13. Nd3 Qd6 14. Na4 b6 15. Nc3 Bd7 16. Qd2 Rad8 17. Rcd1 Ng4 18. e3 Qg6 19. Qe2 Bxc3 20. bxc3 Qg7 21. f3 Ne5 22. f4 Nxd3 23. Rxd3 Bc8 24. fxg5 hxg5 25. e4 fxe4 1/2-1/2

[Event "Massachusets Open 69th"]
[Site "?"]
[Date "2000.??.??"]
[Round "5"]
[White "Parker David"]
[Black "Curdo John"]
[Result "0-1"]
[WhiteElo "2305"]
[BlackElo "2305"]
[PlyCount "46"]
[EventDate "2000.??.??"]
[Source "www.chesslib.no"]
[SourceDate "2004.05.04"]

1. d4 f5 2. c4 Nf6 3. g3 g6 4. Bg2 Bg7 5. Nh3 O-O 6. O-O d6 7. d5 Na6 8. Nd2 e5 9. dxe6 Nc5 10. Nf4 c6 11. Nf3 Nxe6 12. Nxe6 Bxe6 13. Qc2 Ne4 14. Be3 d5 15. Rad1 Qe7 16. Nd4 Bf7 17. b3 c5 18. Nb5 a6 19. Bxe4 fxe4 20. Na3 d4 21. Bc1 g5 22. Nb1 Bg6 23. e3 Bh5 0-1

[Event "It (Open) Amsterdam NED"]
[Site "?"]
[Date "2005.07.24"]
[Round "9"]
[White "Purnama Tirta Chandra"]
[Black "Ruijgrok Dennis"]
[Result "1-0"]
[WhiteElo "2337"]
[BlackElo "2249"]
[PlyCount "99"]
[EventDate "2005.??.??"]
[Source "www.chesslib.no"]
[SourceDate "2004.05.04"]

1. d4 f5 2. c4 Nf6 3. g3 g6 4. Bg2 Bg7 5. Nh3 O-O 6. O-O d6 7. d5 Nbd7 8. Nd2 Qe8 9. Rb1 Ne5 10. b3 c6 11. Bb2 h6 12. e3 Nd3 13. Bc3 e5 14. dxe6 Bxe6 15. Nf4 Nxf4 16. exf4 d5 17. cxd5 Bxd5 18. Bxd5+ Nxd5 19. Bxg7 Kxg7 20. Nc4 Kh7 21. Re1 Qf7 22. Qd4 Qf6 23. Re5 b6 24. Rc1 Rad8 25. Rce1 Rd7 26. Qd2 Rfd8 27. Re6 Qf7 28. Rxc6 Ne7 29. Rd6 Rxd6 30. Nxd6 Qf8 31. Qe2 Nc6 32. Nc4 Nd4 33. Qe7+ Kg8 34. Kg2 b5 35. Qxf8+ Kxf8 36. Ne5 Kg7 37. Rc1 Kf6 38. Rc7 g5 39. Nc6 Ne6 40. fxg5+ hxg5 41. Rxa7 Rd6 42. Nb4 g4 43. Ra6 Rd1 44. Rb6 Ke7 45. h3 Kf6 46. hxg4 fxg4 47. Rxb5 Ra1 48. Nd5+ Kg6 49. a4 Nd4 50. Rb4 1-0

[Event "ARG Team Ch"]
[Site "Buenos Aires ARG"]
[Date "1995.??.??"]
[Round "1"]
[White "Rey, Alejandro"]
[Black "Alonso Castillo, Sergi"]
[Result "1/2-1/2"]
[WhiteElo "2280"]
[BlackElo "2280"]
[PlyCount "46"]
[EventDate "1995.??.??"]
[Source "www.chesslib.no"]
[SourceDate "2004.05.04"]

1. d4 f5 2. c4 Nf6 3. g3 g6 4. Bg2 Bg7 5. Nh3 O-O 6. Nc3 Nc6 7. Bg5 d6 8. Nf4 e5 9. dxe5 dxe5 10. Nfd5 Nd4 11. e3 Ne6 12. Nxf6+ Bxf6 13. Qxd8 Bxd8 14. Bxd8 Rxd8 15. Rd1 Rxd1+ 16. Kxd1 Nc5 17. Kc2 a5 18. Rd1 Be6 19. Bd5 Kf7 20. Nb5 Rc8 21. f4 e4 22. Bxe6+ Kxe6 23. Nd4+ Ke7 1/2-1/2

[Event "Camp. Commonwealth 2008"]
[Site "Nagpur IND"]
[Date "2008.09.29"]
[Round "2"]
[White "Gajendra, S."]
[Black "Swapnil, SD."]
[Result "0-1"]
[WhiteElo "2159"]
[BlackElo "2389"]
[PlyCount "100"]
[EventDate "2008.09.28"]
[Source "www.chesslib.no"]
[SourceDate "2004.05.04"]

1. d4 f5 2. c4 Nf6 3. g3 g6 4. Bg2 Bg7 5. Nh3 Nc6 6. Nc3 d6 7. d5 Ne5 8. f4 Nf7 9. O-O O-O 10. Kh1 e6 11. dxe6 Bxe6 12. Bxb7 Bxc4 13. Bxa8 Qxa8+ 14. Kg1 Re8 15. Re1 Qc6 16. Nf2 d5 17. e3 Ba6 18. Qa4 Qd6 19. Rd1 Re7 20. Nb5 Qb6 21. Nc3 c6 22. Qc2 Nd6 23. Na4 Qc7 24. Nc5 Bc8 25. b3 Nfe4 26. Ncxe4 Bxa1 27. Ba3 fxe4 28. Rxa1 Rf7 29. Rc1 Bd7 30. Bb2 Ne8 31. Qc3 Ng7 32. Qb4 Qb6 33. Qc3 h6 34. Kg2 Kh7 35. h3 Qa6 36. Qc2 Nf5 37. Qc3 Ng7 38. Rd1 Qc8 39. Qa5 Be6 40. Rc1 Nf5 41. Qc3 d4 42. exd4 Bd5 43. Ng4 Qa6 44. Re1 Qxa2 45. Ne3 Nxe3+ 46. Rxe3 Rb7 47. b4 a5 48. Qa3 Qb1 49. Bc3 axb4 50. Qa8 bxc3 0-1

[Event "ISL Ch"]
[Site "Gardabaer ISL"]
[Date "1991.??.??"]
[Round "7"]
[White "Bergsson, Snorri"]
[Black "Gretarsson, Helgi A"]
[Result "0-1"]
[WhiteElo "2285"]
[BlackElo "2260"]
[PlyCount "90"]
[EventDate "1991.??.??"]
[Source "www.chesslib.no"]
[SourceDate "2004.05.04"]

1. d4 f5 2. c4 Nf6 3. g3 g6 4. Bg2 Bg7 5. Nc3 d6 6. Nh3 c6 7. d5 O-O 8. Nf4 e5 9. dxe6 Qe7 10. O-O Bxe6 11. Nxe6 Qxe6 12. Bf4 Na6 13. Qxd6 Qxc4 14. Rfd1 Rae8 15. Rd4 Qf7 16. Ra4 Re6 17. Qd2 Nd7 18. Be3 Nb6 19. Rh4 Rfe8 20. Bh6 Bh8 21. Bg5 Be5 22. Bf1 Nc5 23. Rc1 Bxc3 24. Qxc3 Ne4 25. Rxe4 Rxe4 26. b3 Nd5 27. Qc5 a6 28. e3 Qf8 29. Qa7 h6 30. Bf4 Nxf4 31. exf4 Qg7 32. Bc4+ Kh7 33. Kg2 b5 34. Qxg7+ Kxg7 35. Bf1 R8e6 36. Rc2 a5 37. Kf3 Re1 38. Bd3 Rd1 39. Be2 Rd4 40. h3 a4 41. g4 axb3 42. axb3 Rb4 43. Rc3 Ree4 44. gxf5 Rxf4+ 45. Kg3 Rxf5 0-1

[Event "ch-BRA"]
[Site "Rio de Janeiro BRA"]
[Date "2007.12.14"]
[Round "1"]
[White "Miranda, Rob"]
[Black "Molina, Rob"]
[Result "1/2-1/2"]
[WhiteElo "2213"]
[BlackElo "2322"]
[PlyCount "128"]
[EventDate "2007.12.14"]
[Source "www.chesslib.no"]
[SourceDate "2004.05.04"]

1. d4 f5 2. c4 Nf6 3. g3 g6 4. Bg2 Bg7 5. Nc3 d6 6. Nh3 O-O 7. O-O c6 8. d5 Qe8 9. e4 fxe4 10. Ng5 h6 11. Ngxe4 Nxe4 12. Nxe4 Qf7 13. Bd2 Na6 14. Bc3 Bxc3 15. Nxc3 Bd7 16. Qd2 Qg7 17. Rae1 Rf7 18. f4 Raf8 19. dxc6 bxc6 20. Ne4 Nc7 21. Re3 a6 22. Rb3 Ne6 23. Rb6 Bc8 24. Nc3 g5 25. f5 Nd4 26. g4 e6 27. Rd1 c5 28. Ne4 exf5 29. Nxd6 Rf6 30. Nxc8 Rxc8 31. Rxf6 Qxf6 32. gxf5 Qxf5 33. Rf1 Qg4 34. Kh1 Rf8 35. Rxf8+ Kxf8 36. h3 Qe6 37. b3 Ke7 38. Qa5 Qd6 39. Qe1+ Kf6 40. Qe8 Nf5 41. Bd5 Qe7 42. Qh8+ Kg6 43. Qg8+ Kh5 44. Qe6 Qxe6 45. Bxe6 Kg6 46. Kg2 a5 47. Kf2 Kf6 48. Bd7 Nd4 49. Ke3 Ke5 50. Bg4 Nc6 51. Bd1 Nd4 52. Bg4 Nf5+ 53. Kf3 Nd6 54. Ke3 Ne4 55. a3 Nf6 56. Bd1 Ne4 57. Bg4 Nd6 58. Kd3 Kf4 59. Bd7 h5 60. b4 axb4 61. axb4 Nf7 62. Kc3 Ne5 63. Bc8 cxb4+ 64. Kxb4 Nxc4 1/2-1/2

[Event "Zonal 2.5"]
[Site "?"]
[Date "2003.09.16"]
[Round "3"]
[White "Gamarra Caceres Carlos"]
[Black "Izquierdo Daniel"]
[Result "1/2-1/2"]
[WhiteElo "2228"]
[BlackElo "2302"]
[PlyCount "141"]
[EventDate "2003.??.??"]
[Source "www.chesslib.no"]
[SourceDate "2004.05.04"]

1. d4 f5 2. c4 Nf6 3. g3 g6 4. Bg2 Bg7 5. Nh3 O-O 6. O-O d6 7. d5 c6 8. Nc3 e5 9. dxe6 Bxe6 10. b3 Qe7 11. Ba3 Ne8 12. Rc1 Nd7 13. Nf4 Bf7 14. e4 g5 15. Nh5 Bxh5 16. Qxh5 f4 17. Bh3 Ne5 18. Bf5 Nf6 19. Qd1 Rad8 20. gxf4 gxf4 21. Kh1 f3 22. Rg1 Kh8 23. Qd2 Ng8 24. Rcd1 Rf6 25. Qg5 Nh6 26. Rg3 Qf7 27. Bh3 Ng8 28. Bf5 Ne7 29. Rdg1 Rg8 30. Bh3 Bh6 31. Qh4 Nd3 32. Rxg8+ Nxg8 33. Nd1 Rg6 34. Rxg6 Qxg6 35. Bf1 Qg7 36. Qg3 Qa1 37. Qxf3 Nxf2+ 38. Qxf2 Qxd1 39. Bb2+ Bg7 40. Bxg7+ Kxg7 41. Kg2 Nf6 42. Qxa7 Qg4+ 43. Kf2 Nxe4+ 44. Ke1 Qh4+ 45. Kd1 Qxh2 46. Qd4+ Qe5 47. Qxe5+ dxe5 48. a4 Nc5 49. Kc2 Kf6 50. a5 e4 51. b4 Na6 52. Kc3 Ke5 53. b5 Nb8 54. Bh3 Kf4 55. Kd2 Kf3 56. Bc8 Kf2 57. Bg4 e3+ 58. Kd1 c5 59. Be2 Nd7 60. a6 bxa6 61. bxa6 Nb6 62. a7 Na8 63. Bh5 Nc7 64. Be2 Kg3 65. Kc2 Kf2 66. Kd3 Na8 67. Bh5 Nb6 68. Be2 h6 69. Bh5 Na8 70. Be2 Nc7 71. Bh5 1/2-1/2

[Event "10. WDB Easter Open"]
[Site "?"]
[Date "2004.04.11"]
[Round "7"]
[White "Bornemann Michael"]
[Black "Koscielski Janus Darius"]
[Result "0-1"]
[WhiteElo "2204"]
[BlackElo "2318"]
[PlyCount "120"]
[EventDate "2004.??.??"]
[Source "www.chesslib.no"]
[SourceDate "2004.05.04"]

1. d4 f5 2. c4 Nf6 3. g3 g6 4. Bg2 Bg7 5. Nc3 O-O 6. Nh3 d6 7. Qb3 Nc6 8. d5 Na5 9. Qa4 c5 10. dxc6 Nxc6 11. Nf4 Bd7 12. Qd1 Rc8 13. O-O Na5 14. Ncd5 Nxc4 15. Nxf6+ Bxf6 16. Bxb7 Rc5 17. Nd3 Rc7 18. Bg2 e6 19. Rb1 d5 20. b3 Nd6 21. Ba3 Bc8 22. Nf4 Rff7 23. Qd3 Rc3 24. Qd2 Rfc7 25. Rbc1 Ne4 26. Bxe4 dxe4 27. Qxd8+ Bxd8 28. Rxc3 Rxc3 29. Rc1 Rxc1+ 30. Bxc1 Kf7 31. Be3 a6 32. Bc5 g5 33. Ng2 e5 34. Ne3 Ke6 35. Kf1 f4 36. Nc4 Kd5 37. Bb6 Bf6 38. Bc7 Kd4 39. e3+ fxe3 40. fxe3+ Kd5 41. Ke2 Bh3 42. Bb8 h5 43. Bc7 h4 44. Bb8 Bg4+ 45. Ke1 Bf3 46. Bc7 Ke6 47. Bb8 Bh5 48. Bc7 Be8 49. Kd2 h3 50. Bb8 Bb5 51. Kc3 Bxc4 52. Kxc4 g4 53. b4 Bh4 54. gxh4 g3 55. hxg3 h2 56. a4 h1=Q 57. b5 Qc1+ 58. Kb4 Qxe3 59. Ka5 axb5 60. axb5 Qa3+ 0-1

[Event "GEO-ch U20"]
[Site "?"]
[Date "2000.??.??"]
[Round "?"]
[White "Kamadadze Zviad"]
[Black "Jamagidze Mikheil"]
[Result "1/2-1/2"]
[WhiteElo "2228"]
[BlackElo "2287"]
[PlyCount "99"]
[EventDate "2000.??.??"]
[Source "www.chesslib.no"]
[SourceDate "2004.05.04"]

1. d4 f5 2. c4 Nf6 3. g3 g6 4. Bg2 Bg7 5. Nc3 O-O 6. Nh3 d6 7. d5 Bd7 8. O-O c6 9. Nf4 Na6 10. Rb1 Nc7 11. b3 Qe8 12. Bb2 g5 13. Nd3 Ng4 14. e3 e5 15. dxe6 Nxe6 16. Ne2 Rd8 17. b4 Qh5 18. h3 Ne5 19. Nxe5 dxe5 20. g4 fxg4 21. Ng3 Qh4 22. Qxg4 Nf4 23. Qxh4 gxh4 24. exf4 hxg3 25. fxg3 exf4 26. Bxg7 Kxg7 27. Rxf4 Rxf4 28. gxf4 Be6 29. c5 Bxa2 30. Ra1 Rd2 31. b5 cxb5 32. Bxb7 b4 33. c6 b3 34. c7 Rc2 35. c8=Q Rxc8 36. Bxc8 b2 37. Re1 b1=Q 38. Rxb1 Bxb1 39. Ba6 Bf5 40. Kg2 Kf6 41. Kg3 Ke7 42. Kh4 Kf6 43. Kg3 Kf7 44. Kh4 Ke7 45. Kg5 Bxh3 46. Bd3 a5 47. Bxh7 a4 48. Bb1 Be6 49. f5 Bf7 50. f6+ 1/2-1/2

[Event "CZE Team Ch 9596"]
[Site "Czech Republic"]
[Date "1996.??.??"]
[Round "3"]
[White "Krupkova-Mazakova, Petra"]
[Black "Vorisek, Jaroslav"]
[Result "1-0"]
[WhiteElo "2300"]
[BlackElo "2210"]
[PlyCount "81"]
[EventDate "1995.??.??"]
[Source "www.chesslib.no"]
[SourceDate "2004.05.04"]

1. d4 f5 2. c4 Nf6 3. g3 g6 4. Bg2 Bg7 5. Nc3 O-O 6. Nf3 c6 7. d5 Na6 8. O-O Qe8 9. Rb1 e5 10. dxe6 Qxe6 11. b3 d6 12. Bb2 Qe7 13. Qd2 Be6 14. Rbd1 Rad8 15. Nd4 Bf7 16. Qc1 Nc5 17. Rfe1 Rfe8 18. Ba3 Ng4 19. e3 Qf6 20. Qc2 Ne6 21. Nxe6 Bxe6 22. Ne2 Bf7 23. h3 Nh6 24. Rd2 Rd7 25. Red1 Red8 26. Bb4 Qe6 27. Bc3 Be5 28. Qb2 Bxc3 29. Qxc3 g5 30. Qd4 a6 31. c5 d5 32. h4 Qg6 33. hxg5 Qxg5 34. Qf4 Qg6 35. Nd4 Re8 36. Bf3 Ng4 37. Nxf5 Ne5 38. Bg2 Ng4 39. Qxg4 Qxg4 40. Nh6+ Kh8 41. Nxg4 1-0

[Event "Budapest HUN"]
[Site "?"]
[Date "1997.??.??"]
[Round "7"]
[White "Pinterne Kovacs Marta"]
[Black "Horvath Julia"]
[Result "1-0"]
[WhiteElo "2230"]
[BlackElo "2270"]
[PlyCount "93"]
[EventDate "1997.??.??"]
[Source "www.chesslib.no"]
[SourceDate "2004.05.04"]

1. d4 f5 2. c4 Nf6 3. g3 g6 4. Bg2 Bg7 5. Nh3 Nc6 6. Nc3 d6 7. d5 Ne5 8. b3 Ne4 9. Nxe4 fxe4 10. Rb1 Bf5 11. Be3 O-O 12. Nf4 Ng4 13. O-O Qd7 14. Qc2 Nf6 15. Rbd1 Rae8 16. h3 e5 17. dxe6 Bxe6 18. Nxe6 Qxe6 19. Rd4 h6 20. Rfd1 Rf7 21. c5 d5 22. Ra4 a6 23. c6 b6 24. Rxa6 Rd8 25. b4 g5 26. Bd4 Rdf8 27. b5 Nh5 28. Be3 d4 29. Rxd4 Bxd4 30. Bxd4 Nf6 31. Ra4 Qf5 32. Qc4 h5 33. Bxf6 Qxf6 34. Qxe4 Qxf2+ 35. Kh2 h4 36. gxh4 Qf4+ 37. Qxf4 Rxf4 38. Ra7 gxh4 39. Rxc7 Rf2 40. Rd7 Rxe2 41. Rd4 Rff2 42. Rg4+ Kf7 43. Kg1 Rc2 44. c7 Rfd2 45. Rf4+ Ke6 46. Bc6 Ke5 47. Rf1 1-0